Al otro lado /
Segundo largometraje dirigido por el cineasta mexicano Gustavo Loza, quien tras fungir como productor de las series televisuales infantiles Camino a casa y Bizbirije y realizar el largometraje para niños Atlético San Pancho (2001), retomó su cortometraje Silencio profundo (2003) para incorporarlo en...
Gardado en:
| Autor Principal: | |
|---|---|
| Outros autores: | , , , , , , , , , |
| Formato: | |
| Idioma: | Lingua castelá |
| Publicado: |
México :
Matatena Films,
2005, c2005
|
| Temas: | |
| Etiquetas: |
Sen Etiquetas, Sexa o primeiro en etiquetar este rexistro!
|
MARC
| LEADER | 00000ngm^a2200000^a^4500 | ||
|---|---|---|---|
| 001 | 000186540 | ||
| 005 | 20250521000000.0 | ||
| 009 | 20260310102229.829 | ||
| 037 | |a Acervo ITESO - Biblioteca | ||
| 041 | |a ESP | ||
| 082 | |a 860. |b LOZ | ||
| 100 | |a Loza Jiménez, Gustavo |e (realización) | ||
| 240 | 1 | 1 | |a [Silencio profundo] |
| 245 | 1 | 0 | |a Al otro lado / |c Realización de G. Loza Jiménez. |
| 264 | 4 | |a México : |b Matatena Films, |c 2005, c2005 | |
| 264 | 2 | |a México : |b Paramount Pictures [distribución], |c 2005, c2005 | |
| 300 | |a 1 DVD región 4 |c (85 min.) | ||
| 336 | |a imagen móvil bidimensional |b tdi |2 rdacontenido | ||
| 337 | |a video |b v |2 rdamedio | ||
| 338 | |a videodisco |b vd |2 rdasoporte | ||
| 520 | |a Segundo largometraje dirigido por el cineasta mexicano Gustavo Loza, quien tras fungir como productor de las series televisuales infantiles Camino a casa y Bizbirije y realizar el largometraje para niños Atlético San Pancho (2001), retomó su cortometraje Silencio profundo (2003) para incorporarlo en una trilogía episódica sobre las fracturas familiares vinculadas con las migraciones, desde la perspectiva de la voces de menores de edad de culturas, tradiciones y lenguas diferentes. Así, Prisciliano en Zirahuén, Michoacán, Angel en La Habana, Cuba –coprotagonista de Silencio profundo- y Fátima en Tánger, Marruecos se erigen en las miradas emotivas y tan temerarias como ingenuas que buscan a sus respectivos padres al otro lado, en un punto incierto de Estados Unidos, en Florida o en Málaga, España, captadas por los fotógrafos Sergei Saldívar Tanaka, Gerónimo Denti y Patrick Murguía. | ||
| 520 | |a Suplementos y características especiales: 1) Avance de la película (3 min.). | ||
| 546 | |a En árabe y español, con subtítulos en español | ||
| 649 | |a XX | ||
| 650 | |a Niños en el Cine | ||
| 650 | |a Familia en el Cine | ||
| 650 | |a Cine Social y Político | ||
| 650 | |a Melodramas | ||
| 650 | |a Dramas Cinematográficos | ||
| 650 | |a Cortometrajes y Mediometrajes Mexicanos | ||
| 650 | |a Cine Mexicano - |y 2000-2009 | ||
| 650 | |a Cine Mexicano - |y Siglo XXI | ||
| 650 | |a Melancolía y Nostalgia | ||
| 650 | |a Esperanza | ||
| 650 | |a Relaciones Padres-Hijos | ||
| 650 | |a Relaciones Familiares | ||
| 650 | |a Desintegración Familiar - |x Tema Principal | ||
| 650 | |a Migración Ilegal | ||
| 650 | |a Migración - |z México-EUA | ||
| 650 | |a Migración - |z Cuba-EUA | ||
| 650 | |a Migración - |z España-Marruecos | ||
| 650 | |a Migración - |x Tema Principal | ||
| 650 | |a Problemas Sociales | ||
| 650 | |a Zirahuén, Michoacán en el Cine | ||
| 650 | |a La Habana, Cuba en el Cine | ||
| 650 | |a Tánger, Marruecos en el Cine | ||
| 650 | |a Málaga, España en el Cine | ||
| 700 | |a Loza Jiménez, Gustavo |e (guión) | ||
| 700 | |a Saldívar Tanaka, Sergei |e (fotógrafo) | ||
| 700 | |a Denti, Gerónimo |e (fotógrafo) | ||
| 700 | |a Murguía, Patrick |e (fotógrafo) | ||
| 700 | |a Bolado, Roberto |e (montaje) | ||
| 700 | |a Fernández, Juan |e (montaje) | ||
| 700 | |a Ruiz Quintanar, Héctor |e (música) | ||
| 700 | |a Maura, Carmen |e (actuación) | ||
| 700 | |a Suárez, Héctor |e (actuación) | ||
| 700 | |a Bauche, Vanessa |e (actuación) | ||
| 910 | |a Fondo General | ||
| 920 | |a Audiovisuales - DVDs | ||
| 940 | |a Películas | ||
| 905 | |a 302 | ||
| 901 | |a 0500123879 |b IT2 |c DVS |d EG |u 20250521 | ||
| 902 | |a https://opac.biblio.iteso.mx/vufind/Record/000186540 | ||